[Event "25th European Teams Women"]
[Site "Batumi GEO"]
[Date "2025.10.06"]
[Round "2.13"]
[Board "3"]
[White "Mihaljevic, Eva"]
[Black "Zimina, Olga"]
[Result "1/2-1/2"]
[BlackTitle "IM"]
[WhiteElo "2041"]
[BlackElo "2274"]
[WhiteTeam "Croatia"]
[BlackTeam "Italy"]
[WhiteFideId "14573016"]
[BlackFideId "4132190"]
[EventDate "2025.10.05"]

1. e4 c6 2. d4 d5 3. Nd2 dxe4 4. Nxe4 Bf5 5. Ng3 Bg6 6. Nf3 e6 7. Ne5 Nd7 8. Bf4
Nxe5 9. Bxe5 Nf6 10. c3 Nd7 11. Bf4 Be7 12. Be2 O-O 13. O-O a5 14. Bf3 Nf6 15.
h4 h6 16. h5 Bh7 17. Re1 Nd5 18. Bd2 a4 19. Ne4 Nf6 20. Nxf6+ Bxf6 21. Bf4 Ra5
22. b4 axb3 23. axb3 Rxa1 24. Qxa1 Qb6 25. Qa3 Rd8 26. Bd6 Bc2 27. Bb4 Qc7 28.
g3 Qb8 29. Kg2 Qa8 30. Qb2 Bd3 31. Ra1 Qb8 32. Qd2 Bf5 33. Qe2 e5 34. dxe5 Bxe5
35. Ra5 Re8 36. Qd2 Be6 37. c4 Rd8 38. Qe2 Bd4 39. Bd2 Qc7 40. Ra2 Bf5 41. Bf4
Qc8 42. Qe7 Re8 43. Qc7 Qxc7 44. Bxc7 g5 45. hxg6 fxg6 46. g4 Be4 47. Re2 Bxf3+
48. Kxf3 Rxe2 49. Kxe2 Kf7 50. f4 h5 51. Kf3 Bf6 52. gxh5 gxh5 53. f5 Bc3 54.
Bd8 Bf6 55. Bc7 Ke7 56. Ke4 Bb2 57. Bg3 Kf7 58. Bc7 Ke7 59. Bg3 Ba3 60. Bh4+ Kd7
61. Kf4 Bc1+ 62. Ke4 Bd2 63. Kd3 Bf4 64. Ke4 Bd6 65. Bg5 Bg3 66. Kf3 Be1 67. Bf4
Ke7 68. Be5 Kf7 69. Kf4 Bd2+ 70. Kg3 Bg5 71. Kf3 Bf6 72. Bd6 1/2-1/2

[Event "25th European Teams Women"]
[Site "Batumi GEO"]
[Date "2025.10.06"]
[Round "2.13"]
[Board "4"]
[White "Gueci, Tea"]
[Black "Hajdinic, Ema"]
[Result "1-0"]
[WhiteTitle "WIM"]
[BlackTitle "WCM"]
[WhiteElo "2175"]
[BlackElo "2058"]
[WhiteTeam "Italy"]
[BlackTeam "Croatia"]
[WhiteFideId "872342"]
[BlackFideId "14567059"]
[EventDate "2025.10.05"]

1. e4 c5 2. Nf3 e6 3. d4 cxd4 4. Nxd4 Nf6 5. Nc3 Nc6 6. Qd3 d5 7. exd5 Nxd5 8.
Nxd5 Qxd5 9. Nb5 Qxd3 10. Bxd3 Bb4+ 11. c3 Ba5 12. Be3 O-O 13. O-O-O Bb6 14.
Bxb6 axb6 15. Kb1 Ne5 16. Be2 Bd7 17. f4 Bxb5 18. Bxb5 Ng6 19. Rd4 Rfd8 20. Rhd1
Rxd4 21. Rxd4 Nh4 22. Rd2 Kf8 23. g3 Nf5 24. Rd7 Rb8 25. Kc1 Ne3 26. Rd6 Ke7 27.
Rd7+ Kf8 28. Kd2 Nd5 29. Ke2 Nf6 30. Rc7 Nd5 31. Rd7 Nf6 32. Rd4 Ke7 33. Bd3 Rd8
34. Rxd8 Kxd8 35. c4 Kc7 36. b4 Kd6 37. h3 e5 38. Kf3 exf4 39. gxf4 h6 40. Bf1
Nh5 41. Bd3 Nf6 42. Bf1 Nd7 43. Ke3 g5 44. Bg2 Kc7 45. fxg5 hxg5 46. Ke4 Kd6 47.
Kf5 f6 48. Bxb7 Ke7 49. a4 Kd6 50. Bd5 Ke7 51. Bc6 Ne5 52. Bb5 Kd6 53. a5 bxa5
54. bxa5 Nf3 55. a6 Kc7 56. a7 1-0

[Event "25th European Teams Women"]
[Site "Batumi GEO"]
[Date "2025.10.06"]
[Round "2.14"]
[Board "1"]
[White "Pipiras, Filipa Fortuna"]
[Black "Unuk, Laura"]
[Result "1/2-1/2"]
[WhiteTitle "FM"]
[BlackTitle "IM"]
[WhiteElo "2273"]
[BlackElo "2317"]
[WhiteTeam "Portugal"]
[BlackTeam "Slovenia"]
[WhiteFideId "1944894"]
[BlackFideId "14609215"]
[EventDate "2025.10.05"]

1. d4 e6 2. c4 b6 3. e4 Bb7 4. Nc3 Bb4 5. Ne2 Bxe4 6. a3 Bxc3+ 7. Nxc3 Bg6 8. h4
h6 9. h5 Bh7 10. Qg4 Kf8 11. Bf4 Nc6 12. Rd1 d6 13. Be2 Nge7 14. Bf3 Rc8 15. b4
Qe8 16. O-O Bf5 17. Qg3 Bc2 18. Bxc6 Qxc6 19. Rd2 Bf5 20. c5 bxc5 21. bxc5 f6
22. cxd6 cxd6 23. Ne2 e5 24. Be3 Kf7 25. dxe5 dxe5 26. f4 exf4 27. Qxf4 Rhe8 28.
Bxa7 Qe4 29. Qf2 Bg4 30. Ng3 Qc6 31. Qf4 Be6 32. Ne4 Nf5 33. Qg4 Bc4 34. Qg6+
Kg8 35. Nxf6+ Qxf6 36. Qxf6 gxf6 37. Rxf5 Kf7 38. Bd4 Rc6 39. Rdf2 Ree6 40. a4
Bd3 41. R5f4 Ra6 42. Bc3 Rec6 43. Bd2 Rc4 44. Rxc4 Bxc4 45. a5 Bd3 46. Rf3 Be2
47. Rf5 Ke6 48. Rc5 f5 49. Bxh6 Bxh5 50. Kf2 Be8 51. Bf4 Bc6 52. g3 Bd5 53. Ke3
Rc6 54. Rb5 Rc3+ 55. Kd4 Rc4+ 56. Kd3 Rc6 57. Rb8 Bc4+ 58. Kd4 Ba6 59. Re8+ Kd7
60. Re5 Rc4+ 61. Ke3 Re4+ 62. Rxe4 fxe4 63. Kxe4 Kc6 64. g4 Bc4 65. g5 Bf7 66.
Kf5 Kb7 67. Kf6 Bh5 68. g6 Bxg6 69. Kxg6 Ka8 70. Kf5 Ka7 71. Ke6 Ka8 72. Kd5 Ka7
73. Kc6 Ka8 74. Be3 Kb8 75. a6 Ka8 76. a7 1/2-1/2

[Event "25th European Teams Women"]
[Site "Batumi GEO"]
[Date "2025.10.06"]
[Round "2.14"]
[Board "2"]
[White "Urh, Zala"]
[Black "Silva, Mariana"]
[Result "1-0"]
[WhiteTitle "WIM"]
[BlackTitle "WFM"]
[WhiteElo "2252"]
[BlackElo "2090"]
[WhiteTeam "Slovenia"]
[BlackTeam "Portugal"]
[WhiteFideId "14611481"]
[BlackFideId "1911899"]
[EventDate "2025.10.05"]

1. d4 d5 2. c4 e6 3. Nf3 Nf6 4. g3 dxc4 5. Bg2 Bb4+ 6. Bd2 c5 7. O-O O-O 8. Qc2
Bxd2 9. Nbxd2 cxd4 10. Nxc4 d3 11. exd3 Nc6 12. d4 Nb4 13. Qb3 Nbd5 14. Nfe5 b6
15. Qa3 b5 16. Nc6 Qc7 17. N4e5 Bb7 18. Rfc1 Qb6 19. Rc5 Bxc6 20. Nxc6 a6 21.
Rac1 Rfe8 22. Qd3 Rac8 23. Qd2 Rc7 24. Nb4 Rec8 25. Nxd5 Nxd5 26. Bxd5 exd5 27.
b4 Rxc5 28. dxc5 Qc6 29. Re1 Rd8 30. Qg5 f6 31. Qg4 Re8 32. Rxe8+ Qxe8 33. Kf1
Qc6 34. Qf4 Kf7 35. h4 h5 36. Qf5 g6 37. Qf4 Qd7 38. Qh6 Qf5 39. Qh7+ Kf8 40.
Qh8+ Kf7 41. Qd8 g5 42. hxg5 fxg5 43. Qc7+ Kg8 44. c6 h4 45. gxh4 Qb1+ 46. Kg2
Qe4+ 47. f3 Qe2+ 48. Kg3 Qe1+ 49. Kg4 Qxh4+ 50. Kf5 Qh3+ 51. Kg6 Qe6+ 52. Kxg5
Qe3+ 53. f4 Qg3+ 54. Kf6 Qc3+ 55. Ke6 Qh3+ 56. Kxd5 Qd3+ 57. Ke5 Qe3+ 58. Kf6
Qc3+ 59. Ke6 Qc4+ 60. Kd7 Qf7+ 61. Kc8 Qe6+ 62. Qd7 Qe4 63. f5 a5 64. f6 axb4
65. Qg7# 1-0

[Event "25th European Teams Women"]
[Site "Batumi GEO"]
[Date "2025.10.06"]
[Round "2.14"]
[Board "3"]
[White "Avelino, Camila Biscaya"]
[Black "Shpanko, Nadiia"]
[Result "0-1"]
[WhiteTitle "WFM"]
[BlackTitle "WIM"]
[WhiteElo "1942"]
[BlackElo "2174"]
[WhiteTeam "Portugal"]
[BlackTeam "Slovenia"]
[WhiteFideId "1938975"]
[BlackFideId "14132400"]
[EventDate "2025.10.05"]

1. e4 c6 2. d4 d5 3. exd5 cxd5 4. Bd3 Nc6 5. c3 e6 6. Bf4 Bd6 7. Bxd6 Qxd6 8.
Nf3 Nge7 9. O-O O-O 10. Re1 Bd7 11. a3 f6 12. c4 Be8 13. Nc3 Bh5 14. cxd5 exd5
15. Rc1 Rad8 16. Nb5 Qb8 17. Bb1 Ng6 18. Bxg6 hxg6 19. Qd3 Qf4 20. Qe3 g5 21.
Qxf4 gxf4 22. Nd2 a6 23. Nc7 Nxd4 24. Rc5 Bf7 25. Nb1 Rd7 26. Rd1 b6 0-1

[Event "25th European Teams Women"]
[Site "Batumi GEO"]
[Date "2025.10.06"]
[Round "2.14"]
[Board "4"]
[White "Mihelic, Vesna"]
[Black "Almeida, Marta Dias"]
[Result "1-0"]
[WhiteTitle "WFM"]
[BlackTitle "WCM"]
[WhiteElo "2127"]
[BlackElo "1925"]
[WhiteTeam "Slovenia"]
[BlackTeam "Portugal"]
[WhiteFideId "14625520"]
[BlackFideId "1956060"]
[EventDate "2025.10.05"]

1. e4 c6 2. d4 d5 3. e5 c5 4. dxc5 e6 5. c3 Bxc5 6. Qg4 Bf8 7. Nf3 Ne7 8. Bd3
Nbc6 9. O-O Ng6 10. Re1 Be7 11. Na3 O-O 12. h4 Re8 13. h5 Nf8 14. Bh6 g6 15. Nc2
b6 16. Ncd4 Bd7 17. Re3 Bc5 18. Bxf8 Bxf8 19. hxg6 hxg6 20. Bxg6 Bg7 21. Nxc6
Bxc6 22. Bh5 Re7 23. Ng5 d4 24. Rg3 Qf8 25. cxd4 Be8 26. Qe4 1-0

[Event "25th European Teams Women"]
[Site "Batumi GEO"]
[Date "2025.10.06"]
[Round "2.15"]
[Board "1"]
[White "Movsesian, Julia"]
[Black "Dornbusch, Tatiana"]
[Result "1/2-1/2"]
[WhiteTitle "WGM"]
[BlackTitle "WGM"]
[WhiteElo "2220"]
[BlackElo "2240"]
[WhiteTeam "Czech Republic"]
[BlackTeam "Monaco"]
[WhiteFideId "4139690"]
[BlackFideId "14107449"]
[EventDate "2025.10.05"]

1. e4 e5 2. Nf3 Nc6 3. Bc4 Bc5 4. d3 Nf6 5. c3 a6 6. b4 Ba7 7. O-O d6 8. a4 h6
9. Nbd2 g5 10. b5 Ne7 11. Qb3 O-O 12. d4 exd4 13. Nxd4 Bxd4 14. cxd4 d5 15. exd5
axb5 16. Qxb5 Nexd5 17. Nf3 Bd7 18. Qxb7 Rb8 19. Qa6 Ra8 20. Qb7 Rb8 21. Qa6 Ra8
22. Qb7 1/2-1/2

[Event "25th European Teams Women"]
[Site "Batumi GEO"]
[Date "2025.10.06"]
[Round "2.15"]
[Board "2"]
[White "Zvereva, Marija"]
[Black "Rodshtein, Tereza"]
[Result "0-1"]
[WhiteTitle "WIM"]
[BlackTitle "WGM"]
[WhiteElo "2003"]
[BlackElo "2219"]
[WhiteTeam "Monaco"]
[BlackTeam "Czech Republic"]
[WhiteFideId "4121082"]
[BlackFideId "325449"]
[EventDate "2025.10.05"]

1. e4 e5 2. Nf3 Nc6 3. d4 exd4 4. c3 d5 5. exd5 Qxd5 6. cxd4 Bg4 7. Be2 Bb4+ 8.
Nc3 Bxf3 9. Bxf3 Qc4 10. Qb3 Qxb3 11. axb3 Nge7 12. O-O O-O 13. Rd1 Rfd8 14. Be3
Nf5 15. Nb5 Bd6 16. Rdc1 a6 17. Nxd6 Rxd6 18. Bxc6 Rxc6 19. Rxc6 bxc6 20. Rc1
Ne7 21. Bf4 Ra7 22. g3 f6 23. Rc4 Kf7 24. Kg2 Ke6 25. Kf3 Rb7 26. Rc3 Kd7 27.
Bd2 Nd5 28. Rd3 Rb8 29. g4 Re8 30. h4 g6 31. Ba5 Rf8 32. Rd1 f5 33. g5 Rb8 34.
Rd3 Re8 35. Rd1 Re4 36. Rh1 Rxd4 37. Bc3 Rd3+ 38. Ke2 Nf4+ 39. Ke1 Rd5 40. f3
Rd3 41. Kf2 Nd5 42. Ke2 Re3+ 43. Kf2 f4 44. Rc1 Ke6 45. Bd4 Rd3 46. Rxc6+ Kd7
47. Rc4 Rxb3 48. Be5 a5 49. Rc5 Ke6 50. Bh8 a4 51. Rc6+ Kd7 52. Ra6 Rb4 53. Ra8
Nb6 54. Bc3 Rxb2+ 55. Bxb2 Nxa8 56. Ke2 Nb6 57. Kd3 Ke6 58. Ke4 Nd5 59. Ba3 c6
60. Bc5 Nc3+ 61. Kxf4 Kd5 62. Ba3 Nb5 63. Bb2 a3 64. Ba1 Nd4 65. Kg4 Nb3 66. Bc3
Kc4 67. Be5 Nd4 0-1

[Event "25th European Teams Women"]
[Site "Batumi GEO"]
[Date "2025.10.06"]
[Round "2.15"]
[Board "3"]
[White "Worek, Joanna"]
[Black "Ince, Safiye Oyku"]
[Result "1-0"]
[WhiteTitle "WGM"]
[BlackTitle "WCM"]
[WhiteElo "2209"]
[BlackElo "1998"]
[WhiteTeam "Czech Republic"]
[BlackTeam "Monaco"]
[WhiteFideId "1118080"]
[BlackFideId "6391222"]
[EventDate "2025.10.05"]

1. e4 c5 2. Nf3 e6 3. d4 cxd4 4. Nxd4 a6 5. Nc3 b5 6. a3 Bb7 7. Bd3 Qb6 8. Nb3
Qc7 9. Qf3 Nc6 10. Bf4 Ne5 11. Qg3 d6 12. O-O h5 13. h3 h4 14. Qe3 Be7 15. Rad1
Rh5 16. Be2 Nc4 17. Bxc4 bxc4 18. Nd2 Nf6 19. Nf3 e5 20. Bg5 Nh7 21. Bxe7 Kxe7
22. b4 Nf6 23. Rd2 Qc6 24. Rfd1 Nxe4 25. Nd5+ Kf8 26. Qxe4 f5 27. Qe2 Rh6 28. c3
e4 29. Ng5 Re8 30. Nf4 Qc7 31. Rd4 Qd8 32. Nfe6+ Rexe6 33. Nxe6+ Rxe6 34. Qh5
Qf6 35. Rxc4 Re7 36. Rcd4 Rd7 37. c4 f4 38. c5 d5 39. Rxe4 dxe4 40. Rxd7 1-0

[Event "25th European Teams Women"]
[Site "Batumi GEO"]
[Date "2025.10.06"]
[Round "2.15"]
[Board "4"]
[White "Berezovska, Svetlana"]
[Black "Lhotska, Anna"]
[Result "0-1"]
[WhiteTitle "WCM"]
[BlackTitle "WFM"]
[WhiteElo "1874"]
[BlackElo "2165"]
[WhiteTeam "Monaco"]
[BlackTeam "Czech Republic"]
[WhiteFideId "5400740"]
[BlackFideId "376183"]
[EventDate "2025.10.05"]

1. e4 c5 2. d4 cxd4 3. Qxd4 Nc6 4. Qd3 Nf6 5. Nc3 e6 6. Bf4 a6 7. O-O-O Be7 8.
Be2 Qa5 9. Qg3 O-O 10. e5 Ne8 11. Kb1 f6 12. Nf3 b5 13. h4 f5 14. Nd2 Qc7 15.
Bf3 Bb7 16. h5 Rc8 17. h6 g6 18. Rhe1 Nb4 19. Bxb7 Qxb7 20. Nb3 Nxc2 21. Kxc2 b4
22. Re3 Qb5 23. Kb1 bxc3 24. Rxc3 Nc7 25. Rdc1 Qb7 26. Nc5 Bxc5 27. Rxc5 Rb8 28.
R1c2 Nb5 29. Bc1 Qe4 30. Ka1 f4 31. Qg5 Rbe8 32. f3 Qe1 33. R5c4 Rf5 34. Re4
Qxe4 35. fxe4 Rxg5 36. Bxf4 Rh5 37. a4 Nd4 38. Rc7 Rd8 39. g4 Rh1+ 40. Ka2 Nf3
41. Ra7 Re1 42. Rxa6 Rxe4 43. Bg3 Rxg4 44. Bf2 Nxe5 45. Ra7 Nc6 0-1

[Event "25th European Teams Women"]
[Site "Batumi GEO"]
[Date "2025.10.06"]
[Round "2.16"]
[Board "1"]
[White "Valcu, Lavinia"]
[Black "Kirtadze, Anastasia"]
[Result "0-1"]
[BlackTitle "WFM"]
[WhiteElo "2223"]
[BlackElo "2303"]
[WhiteTeam "Sweden"]
[BlackTeam "Georgia 3"]
[WhiteFideId "1752197"]
[BlackFideId "13622714"]
[EventDate "2025.10.05"]

1. e4 c6 2. d4 d5 3. e5 Bf5 4. Nc3 e6 5. g4 Bg6 6. Nge2 c5 7. h4 h5 8. Nf4 cxd4
9. Nxg6 fxg6 10. Qxd4 Nc6 11. Bb5 Ne7 12. Bg5 Qc7 13. Qd3 Qxe5+ 14. Kf1 hxg4 15.
Bxe7 Bxe7 16. Qxg6+ Kd7 17. Qxg4 Raf8 18. Rd1 Rf4 19. Qe2 Qf5 20. Bxc6+ bxc6 21.
Qe3 Bxh4 22. Qxa7+ Kd6 23. Rh2 Bxf2 24. Rxf2 Rh1+ 25. Ke2 Qe5+ 26. Kd3 Rd4+ 27.
Qxd4 Rh3+ 28. Kd2 Qxd4+ 29. Kc1 Qe3+ 30. Kb1 Qb6 31. Ne4+ Ke7 32. Rg1 dxe4 33.
Rxg7+ Kd6 34. Rd2+ Ke5 35. a4 e3 36. Re2 Qa6 37. Rg5+ Kf4 38. Rgg2 Rh1+ 39. Ka2
Qxa4# 0-1

[Event "25th European Teams Women"]
[Site "Batumi GEO"]
[Date "2025.10.06"]
[Round "2.16"]
[Board "2"]
[White "Mgeladze, Kesaria"]
[Black "Ostensson, Julia"]
[Result "1-0"]
[WhiteTitle "WFM"]
[WhiteElo "2290"]
[BlackElo "1994"]
[WhiteTeam "Georgia 3"]
[BlackTeam "Sweden"]
[WhiteFideId "13621130"]
[BlackFideId "1747703"]
[EventDate "2025.10.05"]

1. e4 e5 2. Nf3 Nc6 3. Bb5 a6 4. Ba4 Nf6 5. O-O d6 6. c4 Bd7 7. Nc3 g6 8. Bxc6
bxc6 9. d4 exd4 10. Qxd4 Bg7 11. Be3 O-O 12. Qd3 Re8 13. Rfe1 Rb8 14. Rab1 h6
15. b3 c5 16. Rbd1 Bc6 17. Bc1 Qe7 18. Nd5 Bxd5 19. exd5 Qd7 20. Bd2 Nh5 21. h3
Bf8 22. Nh2 Nf6 23. Qf3 Bg7 24. Bxh6 Bxh6 25. Qxf6 Bg7 26. Qf3 Re7 27. Qd3 Rbe8
28. Qd2 Bd4 29. Nf3 Bg7 30. Qa5 Qc8 31. Rxe7 Rxe7 32. Re1 Rxe1+ 33. Qxe1 c6 34.
Qe4 cxd5 35. Qxd5 Qf8 36. h4 Bf6 37. h5 gxh5 38. Qxh5 Qa8 39. Qg4+ Kf8 40. Qd7
Be7 41. Qh3 Bf6 42. Qf5 Ke7 43. Ne1 Be5 44. Nd3 Qh8 45. g3 f6 46. Qe4 Kf7 47.
Qb7+ Kg6 48. Qxa6 Qh5 49. Nxe5+ dxe5 50. Qc6 Qd1+ 51. Kg2 Qd4 52. Qd5 Kf5 53.
Qxd4 exd4 54. Kf3 1-0

[Event "25th European Teams Women"]
[Site "Batumi GEO"]
[Date "2025.10.06"]
[Round "2.16"]
[Board "3"]
[White "Wickstrom, Carina"]
[Black "Donghvani, Nia"]
[Result "0-1"]
[BlackTitle "WFM"]
[WhiteElo "1915"]
[BlackElo "2127"]
[WhiteTeam "Sweden"]
[BlackTeam "Georgia 3"]
[WhiteFideId "1743201"]
[BlackFideId "13614649"]
[EventDate "2025.10.05"]

1. e4 c5 2. Nf3 d6 3. d4 cxd4 4. Nxd4 Nf6 5. Nc3 a6 6. g3 g6 7. Bg2 Bg7 8. O-O
O-O 9. h3 Bd7 10. Nd5 e5 11. Ne2 Nxd5 12. Qxd5 Bc6 13. Qd3 Qc7 14. Rd1 Bb5 15.
Qd2 Nc6 16. b3 Bxe2 17. Qxe2 Nd4 18. Qg4 Nxc2 19. Rb1 Nd4 20. Be3 Qe7 21. Bxd4
exd4 22. Rbc1 h5 23. Qf4 Rac8 24. Bf1 Be5 25. Qd2 h4 26. Rxc8 Rxc8 27. Kg2 hxg3
28. fxg3 d5 29. Bd3 Rc3 30. exd5 Qd6 31. Qf2 Qxd5+ 32. Kh2 Qd6 33. Kg2 Kg7 34.
Kh2 b5 35. Kg2 a5 36. Qf3 a4 37. bxa4 bxa4 38. Rf1 Qe6 39. Rf2 Ra3 40. Qe2 Qd5+
41. Kh2 Qd6 42. Rf3 Qd5 43. Rf2 Qe6 44. Kg2 Bxg3 45. Qxe6 fxe6 46. Rf3 Bd6 47.
Bc4 Rc3 48. Rxc3 dxc3 49. Bd3 Kf6 50. Kf3 Bc5 51. Ke2 e5 52. Bb5 a3 53. Bd3 Kg5
54. Kf3 Bd4 55. Bc2 Kh5 56. Bd3 g5 57. Bc2 Kh4 58. Kg2 g4 59. hxg4 Kxg4 60. Kf1
Kf3 61. Ke1 Bf2+ 62. Kd1 e4 63. Ba4 Bd4 64. Bc2 e3 65. Ke1 e2 0-1

[Event "25th European Teams Women"]
[Site "Batumi GEO"]
[Date "2025.10.06"]
[Round "2.16"]
[Board "4"]
[White "Tsetskhladze, Mariam"]
[Black "Harshavardhini, M.S."]
[Result "1-0"]
[WhiteTitle "WFM"]
[WhiteElo "1987"]
[BlackElo "1859"]
[WhiteTeam "Georgia 3"]
[BlackTeam "Sweden"]
[WhiteFideId "13623834"]
[BlackFideId "35061747"]
[EventDate "2025.10.05"]

1. e4 c5 2. Nf3 d6 3. d4 cxd4 4. Nxd4 a6 5. c4 g6 6. Nc3 Bg7 7. Be3 Nf6 8. Be2
O-O 9. f3 b6 10. Qd2 Bb7 11. O-O Nbd7 12. Rac1 Re8 13. Rfd1 Rc8 14. b4 Qc7 15.
Bf1 Ne5 16. Qf2 Nfd7 17. Nd5 Bxd5 18. cxd5 Qb7 19. Nb3 h6 20. Qe2 b5 21. Na5 Qb8
22. f4 Nc4 23. Nxc4 bxc4 24. Rxc4 Nb6 25. Rxc8 Nxc8 26. Qxa6 Qxb4 27. Qb5 Qxb5
28. Bxb5 Rf8 29. Ba6 h5 30. Rc1 e5 31. Rxc8 exf4 32. Rxf8+ Kxf8 33. Bxf4 Bd4+
34. Kf1 Ke7 35. Ke2 f6 36. Kd3 Bg1 37. h4 Bf2 38. g3 Kd7 39. Bb5+ Ke7 40. a4 Kd8
41. Bxd6 g5 42. hxg5 fxg5 43. Ke2 Bb6 44. e5 h4 45. e6 1-0

[Event "25th European Teams Women"]
[Site "Batumi GEO"]
[Date "2025.10.06"]
[Round "2.17"]
[Board "1"]
[White "Paasikangas, Johanna"]
[Black "Narva, Mai"]
[Result "0-1"]
[WhiteTitle "FM"]
[BlackTitle "IM"]
[WhiteElo "2106"]
[BlackElo "2403"]
[WhiteTeam "Finland"]
[BlackTeam "Estonia"]
[WhiteFideId "500879"]
[BlackFideId "4500512"]
[EventDate "2025.10.05"]

1. d4 Nf6 2. c4 g6 3. Nc3 Bg7 4. e4 d6 5. Nf3 O-O 6. Be2 Nbd7 7. O-O e5 8. Qc2
Qe7 9. dxe5 dxe5 10. Nd5 Qd8 11. Bg5 h6 12. Nxf6+ Nxf6 13. Be3 Qe7 14. c5 Ng4
15. Bd2 c6 16. h3 Nf6 17. Nh2 Nd7 18. b4 f5 19. exf5 gxf5 20. Rad1 Nf6 21. Bc4+
Be6 22. Rfe1 Nd5 23. a3 Rae8 24. Bc1 Kh8 25. Nf3 e4 26. Nd4 Bg8 27. Bxd5 Bxd5
28. Bf4 Qh4 29. Ne2 Qf6 30. Be3 Qf7 31. Qc1 Kh7 32. Nf4 Bb3 33. Rd6 Be5 34. Qd2
Bxd6 35. cxd6 b6 36. Ne2 Rg8 37. Bf4 Bd5 38. Qe3 Rg6 39. Kh2 Reg8 40. g3 Rd8 41.
Rd1 Bc4 42. Rd4 Rd7 43. Rd2 Bd3 44. Qd4 Qf8 45. Qc3 Rgxd6 46. Bxd6 Qxd6 47. Nf4
c5 48. bxc5 bxc5 49. Qa5 Re7 50. h4 Qc7 51. Qc3 Qe5 52. Qxe5 Rxe5 53. Rb2 c4 54.
Rb7+ Kg8 55. Rxa7 Rc5 56. Ne6 Rc8 57. Rg7+ Kh8 58. Rg6 c3 59. Rxh6+ Kg8 60. Nd4
c2 61. Nxc2 Rxc2 62. Kg1 Rc1+ 63. Kg2 Be2 0-1

[Event "25th European Teams Women"]
[Site "Batumi GEO"]
[Date "2025.10.06"]
[Round "2.17"]
[Board "2"]
[White "Olde, Margareth"]
[Black "Tuominen, Tanja"]
[Result "1-0"]
[WhiteTitle "WIM"]
[BlackTitle "WIM"]
[WhiteElo "2187"]
[BlackElo "2025"]
[WhiteTeam "Estonia"]
[BlackTeam "Finland"]
[WhiteFideId "4503082"]
[BlackFideId "502340"]
[EventDate "2025.10.05"]

1. d4 d5 2. Nf3 Nf6 3. c4 c6 4. e3 e6 5. b3 Ne4 6. Nbd2 Nd7 7. Bd3 f5 8. Bb2 Bd6
9. O-O Qf6 10. Rc1 O-O 11. Qe2 g5 12. Ne1 Qh6 13. g3 Nxd2 14. Qxd2 f4 15. exf4
Rxf4 16. Ng2 Rf6 17. h4 gxh4 18. Qxh6 Rxh6 19. Nxh4 Nf8 20. Rce1 Bd7 21. Kg2 Rf6
22. Bc1 c5 23. dxc5 Bxc5 24. Bb2 Rf7 25. cxd5 exd5 26. Nf3 Bh3+ 27. Kxh3 Rxf3
28. Be2 Rxf2 29. Rxf2 Bxf2 30. Rd1 Re8 31. Bb5 Rd8 32. Bc4 Ne6 33. Bxd5 Kf8 34.
Kg2 Bc5 35. Bf6 Be7 36. Bb2 Ke8 37. Bf3 Rxd1 38. Bxd1 Kf7 39. Bf3 b6 40. Bd5 Bd6
41. g4 Ke7 42. Kf3 Nf4 43. Be4 h5 44. g5 Kf7 45. Bc1 Ng6 46. Bd5+ Kf8 47. Ke4 h4
48. Be6 Ne7 49. Kf3 Ng6 50. Ke4 Ke7 51. Bh3 a5 52. a4 Bc5 53. Bf1 Bd6 54. Kf5
Kf7 55. Bb2 Ne7+ 56. Kg4 Bg3 57. Bd4 Bc7 58. Bc4+ Kg6 59. Bd3+ Kf7 60. Kxh4 Nc6
61. g6+ Kf8 62. g7+ 1-0

[Event "25th European Teams Women"]
[Site "Batumi GEO"]
[Date "2025.10.06"]
[Round "2.17"]
[Board "3"]
[White "Puuska, Heini"]
[Black "Blokhin, Sofia"]
[Result "0-1"]
[WhiteTitle "WFM"]
[BlackTitle "WFM"]
[WhiteElo "1907"]
[BlackElo "2071"]
[WhiteTeam "Finland"]
[BlackTeam "Estonia"]
[WhiteFideId "502324"]
[BlackFideId "4508190"]
[EventDate "2025.10.05"]

1. d4 f5 2. Bf4 Nf6 3. e3 e6 4. Nf3 Be7 5. h3 O-O 6. Be2 b6 7. O-O Bb7 8. c4 h6
9. Bh2 d6 10. Nc3 Qe8 11. Ne1 Nbd7 12. Bf3 Ne4 13. Nxe4 fxe4 14. Bh5 g6 15. Be2
Bg5 16. Nc2 Qe7 17. f3 Rf7 18. fxe4 Bxe4 19. Bd3 Bb7 20. Rxf7 Qxf7 21. Qe2 Rf8
22. Rf1 Qxf1+ 23. Qxf1 Rxf1+ 24. Kxf1 Kf7 25. Bf4 Bxf4 26. exf4 Nf6 27. Ne3 Nh5
28. d5 Nxf4 29. Be4 exd5 30. Nxd5 Nxd5 31. cxd5 g5 32. Kf2 Kf6 33. Kg3 Ke5 34.
Bf3 Bxd5 35. Bxd5 Kxd5 36. Kg4 Ke4 37. Kh5 d5 38. Kxh6 d4 39. Kxg5 d3 0-1

[Event "25th European Teams Women"]
[Site "Batumi GEO"]
[Date "2025.10.06"]
[Round "2.17"]
[Board "4"]
[White "Olde, Grete"]
[Black "Rinne, Heini"]
[Result "1-0"]
[WhiteTitle "WCM"]
[WhiteElo "1972"]
[BlackElo "1887"]
[WhiteTeam "Estonia"]
[BlackTeam "Finland"]
[WhiteFideId "4503104"]
[BlackFideId "513423"]
[EventDate "2025.10.05"]

1. e4 c6 2. d4 d5 3. exd5 cxd5 4. Bd3 Nc6 5. c3 Nf6 6. Bf4 Bg4 7. Qb3 Qd7 8. Nd2
e6 9. Ngf3 Bxf3 10. Nxf3 Bd6 11. Bxd6 Qxd6 12. O-O Qc7 13. Rfe1 O-O 14. a4 Rfc8
15. Qd1 a6 16. Ne5 Nxe5 17. dxe5 Nd7 18. Qh5 g6 19. Qg5 Qd8 20. Qf4 Nc5 21. Bc2
Qb6 22. Rab1 Nd7 23. Qd2 Qc5 24. Rbc1 Nb6 25. h4 Nc4 26. Qg5 Qf8 27. b3 Nb6 28.
h5 Qd8 29. Qg4 Nd7 30. hxg6 hxg6 31. Bxg6 Kf8 32. Re3 d4 33. Qxd4 fxg6 34. Qg4
Kg7 35. Qxe6 Rc6 36. Qg4 Qe7 37. Qd4 Re6 38. f4 Rf8 39. b4 Rf7 40. Rf1 Kf8 41.
Qe4 Qe8 42. Rg3 Rfe7 43. f5 Rxe5 44. Qh4 Rf7 45. Rxg6 Re4 46. Qg5 1-0

[Event "25th European Teams Women"]
[Site "Batumi GEO"]
[Date "2025.10.06"]
[Round "2.18"]
[Board "1"]
[White "Muetsch, Annmarie"]
[Black "Arakhamia-Grant, Ketevan"]
[Result "0-1"]
[WhiteTitle "WIM"]
[BlackTitle "GM"]
[WhiteElo "2264"]
[BlackElo "2269"]
[WhiteTeam "Belgium"]
[BlackTeam "Scotland"]
[WhiteFideId "12971367"]
[BlackFideId "13600168"]
[EventDate "2025.10.05"]

1. e4 c5 2. Nf3 d6 3. Bb5+ Nd7 4. O-O a6 5. Bd3 Ngf6 6. Re1 b5 7. c4 bxc4 8.
Bxc4 Nb6 9. Bb3 e5 10. d4 cxd4 11. Ng5 Ra7 12. Bd2 h6 13. Nxf7 Rxf7 14. Bxf7+
Kxf7 15. Ba5 Be6 16. f4 g6 17. Nd2 Qb8 18. Qe2 Qb7 19. a4 Be7 20. b3 Nbd7 21. b4
exf4 22. Nf3 Ne5 23. Kh1 Rc8 24. Rac1 Rxc1 25. Rxc1 d3 26. Nxe5+ dxe5 27. Qxd3
Nxe4 28. Rf1 Nd6 29. Rf2 Nf5 30. Bd8 e4 31. Qd1 Bd6 32. Qa1 Qd5 33. Qf6+ Ke8 34.
Rf1 Be5 35. Qxg6+ Kxd8 36. b5 axb5 37. axb5 e3 38. Qh5 Qxb5 39. Rd1+ Ke7 40. Qf3
Qb3 0-1